Проекты зданий однокомплектных, четырехкомплектных училищ (калька), сметы на их постройку

Доступно только в Электронных читальных залах Найти на картеНа карте
RUSMARC
00004075nmc2a22002653x 450
0015af4adac-c9c3-4503-925f-9673b3ce463a
00520240219130822.0
100##$a20230320l19081908k l0rusy0189 ca
1010#$arus
102##$aRU
105##$ae###
1222#$ad
2001#$aПроекты зданий однокомплектных, четырехкомплектных училищ (калька), сметы на их постройку
$j1908 г.
215##$a79 л.
$cплан.
$d36,5х26 см
251##$cДело
300##$aЗлатоустовский уезд, Уфимская губерния
300##$aОриг. заголовок дела: Планы и сметы Златоустовского уезда Уфимской губернии. 1908 г
371##$aДокумент не является опубликованным и широко распространяемым
461#0$1001a74412a3-3cc5-4d21-8f0a-dfe2fbd9e72d
$12001
$aДепартамент народного просвещения Министерства народного просвещения (1803-1917)
$1251
$cФонд
$1852
$j733
462#0$1001eefd6294-0537-45df-8819-30374025727c
$12001
$aПроекты школьных зданий и сметы на их постройку (в связи с подготовкой введения всеобщего обучения)
$1251
$cОпись
$1852
$j233
5171#$aПланы и сметы Златоустовского уезда Уфимской губернии. 1908 г
801#0$aRU
$bРГИА
$c20230320
$gRCR
801#1$aRU
$bГлавНИВЦ
$c20230320
$2rusmarc
801#2$aRU
$bПБ им. Б.Н. Ельцина
$c20240219
$gRCR
$2rusmarc
850##$aРГИА
852##$aРГИА
$eФедеральное казенное учреждение "Российский государственный исторический архив" (РГИА)
$j564
937##$hРГИА
$d12396815
$aASBIBLIO_SCAN
035##$aRusGRCC00067576
856##$uhttp://readingroom.main.prlib.ru/item.aspx?id_node=n191076067&mode=full
Формат отображения